Postavenie ľudských zdrojov a analýza ich možnej transformácie na HR Business Partnera vo VSE, a. s. diplomová práca

Uložené v:
Podrobná bibliografia
Hlavný autor: Fiľová, Veronika
Korporativný autor: Podnikovohospodárska fakulta EU so sídlom v Košiciach. Katedra manažmentu
Ďalší autori: Mihalčová, Bohuslava, 1963-
Médium: Kniha
Jazyk:Slovak
Vydavateľské údaje: Košice 2012
Tagy: Pridať tag
Žiadne tagy, Buďte prvý, kto otaguje tento záznam!

MARC

LEADER 00000nbm a2200000 4500
001 0153193
005 20161109102055.7
041 0 |a slo 
044 |a SK 
245 1 0 |a Postavenie ľudských zdrojov a analýza ich možnej transformácie na HR Business Partnera vo VSE, a. s.  |b diplomová práca  |c Veronika Fiľová ; školiteľ: Bohuslava Mihalčová 
264 1 |a Košice  |c 2012 
300 |a 81 s. 
100 1 |a Fiľová, Veronika 
700 1 |a Mihalčová, Bohuslava, 1963- 
710 2 |a Podnikovohospodárska fakulta EU so sídlom v Košiciach. Katedra manažmentu